| 000 | 00585nas a2200181 4500 | ||
|---|---|---|---|
| 001 | 000037119 | ||
| 003 | DLC | ||
| 005 | 20200930080143.0 | ||
| 008 | 120216c19819999dr qr1p dd 0 0spa d | ||
| 040 |
_aDO-SdBNP _bspa _cBNPHU |
||
| 043 | _anwdr | ||
| 245 | 0 | 0 | _aVisión dominicana. |
| 260 |
_aSanto Domingo : _bDirección General de Información y Prensa de la Presidencia, _c1981. |
||
| 300 |
_av. : _bil., retrs. ; _c28 cm. |
||
| 310 | _aTrimestral | ||
| 362 | _aAño 1. no. 1 (16 de diciembre de 1981) | ||
| 500 | _aCatalogación basada en el ejemplar año 1. no. 1 (16 de diciembre de | ||
| 999 |
_c36609 _d36609 |
||